UM Logo

Is Filipino cuisine an endangered heritage?: (Record no. 10147)

MARC details
000 -LEADER
fixed length control field 00448nam a2200109 4500
008 - FIXED-LENGTH DATA ELEMENTS--GENERAL INFORMATION
fixed length control field 180803b ||||| |||| 00| 0 eng d
100 ## - MAIN ENTRY--PERSONAL NAME
9 (RLIN) 29947
Personal name Enriquez, Marge C.
245 ## - TITLE STATEMENT
Title Is Filipino cuisine an endangered heritage?:
Remainder of title Heirloom rice or dishes such as 'adobong Batangan'- today's lifestyle has left us ignorant of such fare/
Statement of responsibility, etc. Marge C. Enriquez
260 ## - PUBLICATION, DISTRIBUTION, ETC. (IMPRINT)
Place of publication, distribution, etc. Philippines
Name of publisher, distributor, etc. Philippine Daily Inquirer
Date of publication, distribution, etc. c2017
300 ## - PHYSICAL DESCRIPTION
Extent page D3.
942 ## - ADDED ENTRY ELEMENTS (KOHA)
Source of classification or shelving scheme Dewey Decimal Classification
Koha item type Periodicals
Holdings
Withdrawn status Lost status Source of classification or shelving scheme Damaged status Not for loan Collection code Home library Current library Date acquired Total Checkouts Date last seen Price effective from Koha item type Public note
    Dewey Decimal Classification     Periodicals UM Digos College - LIC UM Digos College - LIC 08/03/2018   08/03/2018 08/03/2018 Periodicals Newspaper Clippings